000 00915nam a2200277Ia 4500
005 20210727153206.0
008 141031s9999 ck 000 0 spa d
020 _a9788434236950
100 1 _aAlins, Sonia
245 1 3 _aLa princesa y el dragón
_ctexto e ilustraciones Sonia Alins ; editor Jesús Araújo
246 _aLa fantástica leyenda de la princesa y el dragón
250 _a1a edición
300 _a29 páginas
_bilustraciones en color
_c24 cm.
490 _aColorín colorado
650 1 4 _2LEMB
_aCuentos infantiles españoles
_ySiglo XX
650 1 4 _2LEMB
_aPrincesas
_vCuentos
650 1 4 _2LEMB
_aDragones
_vCuentos
700 1 _aAraújo, Jesús
_eeditor
942 _2loc
_cBKINF
264 _aBarcelona
_bParramón
_c2010
336 _atexto
_btxt
_2rdacontent
337 _asin mediación
_bn
_2rdamedia
338 _avolumen
_bnc
_2rdacarrier
040 _aCO-BoRNBP
_bspa
_erda
_cCO-BoRNBP
084 _aC FAN3
999 _c3973
_d3973